000 01086nam a22002537a 4500
005 20240530110440.0
008 150419s2011 xxuad f b 000 0 eng d
017 _a2011/2600
_bمصر . دار الكتب المصرية
020 _a9789774276631
040 _aEG-CaGPL
082 0 4 _221
_a962.05
_bق/ع ع
100 0 _aعلى الدين هلال
245 1 2 _aالعهد البرلمانى فى مصر من الصعود الى الانهيار :
_b1923 - 1952 /
_cعلى الدين هلال
250 _aط1
260 _aالقاهرة :
_bالدار المصرية اللبنانية ،
_c2011.
300 _a405 ص :
_bجداول ؛
_c24 سم.
504 _aيشتمل على ارجاعات ببليوجرافية
651 0 4 _aمصر
_xتاريخ
_yالعصر الحديث
_xالاسقلال
651 0 4 _aمصر
_xتاريخ
_xالاحوال السياسية
651 0 4 _aمصر
_xتاريخ
_xالهيئات التشريعية
651 0 4 _aمصر
_xتاريخ
_xالممارسة البرلمانية
942 _2ddc
_cBK
999 _c61034
_d61034